00329nam a2200121Ia 4500008004100000041001200041082001100053100001800064245009400082260000600176650000600182700001900188221030s9999 xx 000 0 und d aEnglish a105.23 aR. P. Feynman 4aThe Feynman Lectures on Physics Quantum Mechanics vol.3cby R. P. Feynman, R. B. Leighton c0 aB aR. B. Leighton